MARC

LEADER 00000nam0a2200000 4500
001 18300
005 20231101205209.0
010 |a 5020174351 
035 |a (RuTPU)RU\TPU\book\18449 
035 |a BOOK00003137 
090 |a 18300 
100 |a 20011209d1992 k y0rusy50 ca 
101 0 |a rus 
102 |a RU 
105 |a y z 000zy 
200 1 |a Япония в поисках новой роли в мировой политике  |f С. И. Вербицкий  |g Академия наук СССР (АН СССР), Институт востоковедения (ИВ) 
210 |a Москва  |c Наука  |d 1992 
215 |a 268 с. 
606 1 |a Япония  |x Международные отношения  |z 20 в.  |z 21 в.  |2 stltpush  |3 (RuTPU)RU\TPU\subj\72604  |9 86045 
610 1 |a политика 
610 1 |a международные отношения 
610 1 |a Япония 
610 1 |a 20 век 
686 |a Ф4(5Я)  |v LBC/SL-A  |2 rubbk 
700 1 |a Вербицкий  |b С. И.  |g Соломон Ильич 
712 0 2 |a Академия наук СССР (АН СССР)  |b Институт востоковедения (ИВ)  |c (Москва)  |2 stltpush  |3 (RuTPU)RU\TPU\col\11263 
801 0 |a RU  |b 63413507  |c 20011209  |g PSBO 
801 2 |a RU  |b 63413507  |c 20140319  |g PSBO 
942 |c BK